Traité de Physiologie Végétale et Agricole / (Record no. 90692)

MARC details
000 -LEADER
campo de control de longitud fija 00494nam a2200157 i 4500
001 - NÚMERO DE CONTROL
campo de control 90692
003 - IDENTIFICADOR DE NÚMERO DE CONTROL
campo de control ES-MaACL
005 - FECHA Y HORA DE LA ÚLTIMA TRANSACCIÓN
campo de control 20230906180532.0
007 - CAMPO FIJO DE DESCRIPCIÓN FÍSICA--INFORMACIÓN GENERAL
campo de control de longitud fija t|
008 - DATOS DE LONGITUD FIJA--INFORMACIÓN GENERAL
campo de control de longitud fija 050124s1911 fr ||||1| fre d
100 1# - ENTRADA PRINCIPAL--NOMBRE DE PERSONA
Nombre de persona Leclerc du Sablon, Mathieu.
9 (RLIN) 71090
245 10 - MENCIÓN DEL TÍTULO
Título Traité de Physiologie Végétale et Agricole /
Mención de responsabilidad, etc. par Leclerc du Sablon.
260 ## - PUBLICACIÓN, DISTRIBUCIÓN, ETC.
Lugar de publicación, distribución, etc. París :
Nombre del editor, distribuidor, etc. J.B. Baillière et Fils,
Fecha de publicación, distribución, etc. 1911 (
Fabricante Douladoure Privat)
300 ## - DESCRIPCIÓN FÍSICA
Extensión VIII, 610 p. :
Otras características físicas il. ;
Dimensiones 22 cm.
852 ## - LOCALIZACIÓN
Ubicación ES-MaACL
Número de control de estantería F-12950
Holdings
Estatus retirado Estado de pérdida Estado de daño No para préstamo Biblioteca de origen Biblioteca actual Ubicación en estantería Fecha de adquisición Fuente de adquisición Total de préstamos Signatura topográfica completa Código de barras Visto por última vez Precio de reemplazo Tipo de ítem Koha
        Biblioteca del Ateneo de Madrid Biblioteca del Ateneo de Madrid Sala Pecera Planta 2 17/01/2008     F-12950 1094697 23/02/2023 23/02/2023 Libro impreso